书目信息 |
| 题名: |
放射物理与防护
|
|
| 作者: | 李迅茹 主编 | |
| 分册: | ||
| 出版信息: | 北京 人民卫生出版社 2002 |
|
| 页数: | 160页 | |
| 开本: | 26cm | |
| 丛书名: | ||
| 单 册: | ||
| 中图分类: | R81 , R14 | |
| 科图分类: | ||
| 主题词: | 放射医学--物理学--高等教育--教材 , 放射医学--辐射防护--高等教育--教材 | |
| 电子资源: | ||
| ISBN: | 978-7-117-05088-3 | |
| 000 | 00924nam0 2200265 450 | |
| 001 | 0100224176 | |
| 005 | 20020928000000.0 | |
| 010 | @a978-7-117-05088-3@dCNY17.00 | |
| 100 | @a20020912d2002 em y0chiy0110 ea | |
| 101 | 0 | @achi |
| 102 | @aCN@b110000 | |
| 105 | @ay z 000yy | |
| 106 | @ar | |
| 200 | 1 | @a放射物理与防护@9Fang She Wu Li Yu Fang Hu @f李迅茹主编@b专著 |
| 210 | @a北京@c人民卫生出版社@d2002 | |
| 215 | @a160页@d26cm | |
| 300 | @a卫生部规划教材 全国高等职业技术教育教材 供高职、高专医学影像技术专业用 | |
| 330 | @a本书共分13章,内容包括:物质的结构、核转变、X线产生、常用的辐射量和单位、放射线的测量、放射线对人体的影响、医用放射线的防护等。 | |
| 606 | 0 | @a放射医学@x物理学@x高等教育@j教材 |
| 606 | 0 | @a放射医学@x辐射防护@x高等教育@j教材 |
| 690 | @aR81@v4 | |
| 690 | @aR14@v4 | |
| 701 | 0 | @a李迅茹@f(1962~)@9li xun ru@4主编 |
| 801 | 0 | @aCN@bAiZhiMarc@c20020919 |
| 905 | @aBZT@dR81@e16@f1@sR81/16 | |
| 放射物理与防护/李迅茹主编.-北京:人民卫生出版社,2002 |
| 160页;26cm |
| 卫生部规划教材 全国高等职业技术教育教材 供高职、高专医学影像技术专业用 |
| ISBN 978-7-117-05088-3:CNY17.00 |
| 本书共分13章,内容包括:物质的结构、核转变、X线产生、常用的辐射量和单位、放射线的测量、放射线对人体的影响、医用放射线的防护等。 |
| ● |
| 相关链接 |
|
|
|
正题名:放射物理与防护
索取号:R81/16
 
预约/预借
| 序号 | 登录号 | 条形码 | 馆藏地/架位号 | 状态 | 备注 |
| 1 | 2000013284 | 2000013284 | 旧书回溯/ [索取号:R81/16] | 在馆 |